[Event "Washington Open Championship"]
[Site "Seattle, WA"]
[Date "2013.05.25"]
[Round "1"]
[White "Wang Michael  (WA)"]
[Black "Doknjas Joshua  (CAN)"]
[Result "1-0"]
[WhiteElo "2165"]
[BlackElo "1669"]
[Annotator ""]
[Source ""]
[Remark "Open"]

1.c4 e5 2.g3 Nf6 3.Bg2 d5 4.cxd5 Nxd5 5.Nc3 Be6 6.Nf3 Nc6 7.O-O
Nb6 8.b3 Be7 9.Bb2 O-O 10.Rc1 f5 11.d3 g5 12.Nd2 ( 12.Nb5 a6
13.Na3 Bf6 14.Nc4 Nxc4 15.dxc4 e4 16.Qxd8 Raxd8 17.Bxf6 exf3
18.Bxd8 fxg2 19.Rfd1 Nxd8 20.Rd2 Nf7 21.Rcd1 Kg7 22.Kxg2 Kf6
23.f3 Ke5 24.Kf2 c5 25.Rc1 Rc8 26.Rdc2 Kd6 27.a4 b5 28.axb5 axb5
29.f4 Kc6 30.Ke3 g4 31.Ra2 Rb8 32.Ra6+ Rb6 33.Ra3 bxc4 34.bxc4
Nd6 35.Kd3 Bc8 36.Rc2 Rb4 37.Rc1 Kb6 38.Rc2 Bb7 39.Rc1 Be4+ 40.Kc3
Rxc4+ 41.Kd2 Rd4+ 42.Ke1 Nb5 43.Ra2 Rb4 44.e3 c4 45.Kd2 Kc5 46.Ke1
c3 47.Kd1 Kc4 48.Ke1 Bf3 49.Kf1 Kd3 50.Ke1 Kxe3 51.Kf1 Kd3 52.Ke1
Rb2 53.Raa1 Nd4 54.Kf1 Nb3 {0-1, Demchenko Marina (UKR) 2060 - Vozovic Oksana (UKR) 2326, Kiev (Ukraine) 1999}
) Rf6 13.Nc4 Rh6 14.e3 g4 15.f3 Bc5 16.Qe2 Qg5 17.f4 Qh5 18.Nxe5
Nxe5 19.fxe5 Qxh2+ 20.Kf2 f4 21.gxf4 Qh4+ 22.Kg1 g3 23.Rfe1 Bg4
24.Qc2 Rf8 25.Nd5 Qh2+ 26.Kf1 Bh3 27.Bxh3 Nxd5 28.Qxh2 gxh2 29.Kg2
Nxe3+ {?} ( 29...Bxe3 30.Rxe3 Nxe3+ 31.Kxh2 {%02$17/$19} ) 30.Kxh2
Ng4+ 31.Kg2 Ne3+ 32.Kg3 Nd5 33.f5 Be3 34.Rc4 Bf4+ 35.Rxf4 Rxh3+
36.Kxh3 Nxf4+ 37.Kg4 Nxd3 38.Re2 h5+ 39.Kg5 h4 40.Rd2 Ne1 41.Kg6
h3 42.Rd7 Ng2 43.Rg7+ Kh8 44.e6 ( 44.Rh7+ Kg8 45.e6 ) Nh4+ 45.Kg5
Nxf5 46.e7 1-0

[Event "Washington Open Championship"]
[Site "Seattle, WA"]
[Date "2013.05.25"]
[Round "2"]
[White "Haining Breck  (WA)"]
[Black "Rajagopal Maneesh  (WA)"]
[Result "1-0"]
[WhiteElo "1278"]
[BlackElo "1048"]
[Annotator ""]
[Source ""]
[Remark "Booster"]

1.e4 e6 2.Nc3 d5 3.d3 d4 4.Nce2 e5 5.Nf3 Bd6 6.h3 c5 7.c3 Nc6
8.Ng3 h6 9.Be2 Be6 10.Nf5 Bxf5 11.exf5 Nf6 12.Bd2 Qb6 13.Qc2
Rc8 14.O-O Ne7 15.Nh4 Qc6 16.Bf3 Qd7 17.Be4 Nxe4 18.dxe4 O-O
19.f6 Ng6 20.Nf5 gxf6 21.Bxh6 Rfd8 22.Qe2 Bf8 23.Qh5 Qe8 24.Rac1
Bxh6 25.Nxh6+ Kf8 26.Nf5 Kg8 27.Nh6+ Kf8 28.Ng4 Ke7 29.Qf5 Qc6
30.Rfd1 Nf4 31.Kh2 Qb6 32.cxd4 Ne2 33.dxc5 Qxb2 34.Qxf6+ Ke8
35.Rxd8+ Rxd8 36.Nxe5 Qxa2 37.Rc4 {%02
 (The text clearly has this move as 37.Rc2, but it is equally clear in giving
39. ... Qd2.  Since both cannot be correct, I tried other possibilities.  37.Rc4 seemed to fit best.)}
Rd7 38.c6 bxc6 39.Qxc6 Qd2 40.Nxd7 Qd1 41.Ne5+ Kf8 42.Qh6+ Ke7
43.Nf3 {%02  This final move protects against Black's g1 mating sqare, but better is the forced mate for White}
( 43.Qg5+ f6 44.Qg7+ Ke6 45.Qf7+ Kxe5 46.Qe7+ Kf4 47.Qxf6# ) 1-0

[Event "Washington Open Championship"]
[Site "Seattle, WA"]
[Date "2013.05.27"]
[Round "6"]
[White "Eva David  (WA)"]
[Black "Hendricks David  (WA)"]
[Result "1-0"]
[WhiteElo "1866"]
[BlackElo "1770"]
[Annotator ""]
[Source ""]
[Remark "Premier"]

1.e4 c5 2.Nf3 Nc6 3.d4 cxd4 4.Nxd4 Nf6 5.Nc3 e5 6.Ndb5 d6 7.Bg5
a6 8.Na3 b5 9.Nd5 Qa5+ 10.Bd2 Qd8 11.Bg5 Be7 12.Bxf6 Bxf6 13.c3
Be6 14.Nc2 Bxd5 15.exd5 Ne7 16.Be2 Bg5 17.O-O f5 18.a4 O-O 19.axb5
axb5 20.Rxa8 Qxa8 21.Nb4 Qb7 22.Qd3 Rb8 23.Ra1 e4 24.Qg3 Bf6
25.Qxd6 Ra8 26.Rd1 Rc8 27.Qe6+ Kf8 28.d6 Nc6 29.d7 Rd8 30.Nxc6 1-0

[Event "Washington Open Championship"]
[Site "Seattle, WA"]
[Date "2013.05.27"]
[Round "6"]
[White "Doknjas Neil  (CAN)"]
[Black "Smith Andrew  (WA)"]
[Result "1-0"]
[WhiteElo "1095"]
[BlackElo "946"]
[Annotator ""]
[Source ""]
[Remark "Booster"]

1.e4 c5 2.Nf3 g6 3.d4 cxd4 4.Nxd4 Nc6 5.Nc3 Bg7 6.Be3 Nf6 7.f3
d5 8.Qd2 dxe4 9.fxe4 Ne5 10.Bb5+ Bd7 11.Bxd7+ Qxd7 12.O-O-O a6
13.Bf4 Nc4 14.Qe2 Qc8 15.Nf3 O-O 16.Ne5 b5 17.Nxc4 bxc4 18.e5
Qc7 19.Bg5 Rfe8 20.exf6 exf6 21.Be3 Bh6 22.Nd5 Bxe3+ 23.Qxe3
Qc6 24.Ne7+ Rxe7 25.Qxe7 Rc8 26.Rd8+ Rxd8 27.Qxd8+ Kg7 28.Qd2
Qc5 29.Rf1 Qb5 30.Qc3 Qg5+ 31.Kb1 Qxg2 32.Qxf6+ Kh6 33.Qf4+ g5
34.Qf6+ Kh5 35.Qxf7+ Kh4 36.Qxh7+ Kg4 37.Qf5+ Kh5 38.Qf3+ 1-0

[Event "Washington Open Championship"]
[Site "Seattle, WA"]
[Date "2013.05.27"]
[Round "6"]
[White "Song Kevin  (WA)"]
[Black "Elmer Kyler  (WA)"]
[Result "1-0"]
[WhiteElo "975"]
[BlackElo "1333"]
[Annotator ""]
[Source ""]
[Remark "Booster"]

1.e4 e6 2.d4 d5 3.e5 c5 4.c3 Nc6 5.Nf3 Qb6 6.Na3 a6 7.Nc2 f6
8.exf6 Nxf6 9.Ne3 Bd6 10.Be2 Qa5 11.O-O Qc7 12.Bd2 e5 13.dxe5
Nxe5 14.h3 Ne4 15.Nxd5 Qf7 16.Ne3 ( 16.Qa4+ Bd7 17.Qxe4 ) Nxf3+
17.Bxf3 Qf4 18.Re1 Bxh3 19.gxh3 Qh2+ 20.Kf1 Qxf2# 1-0

[Event "Washington Open Championship"]
[Site "Seattle, WA"]
[Date "2013.05.27"]
[Round "6"]
[White "Yu Jason  (WA)"]
[Black "McCorkle Wade  (WA)"]
[Result "1/2-1/2"]
[WhiteElo "1189"]
[BlackElo "1288"]
[Annotator ""]
[Source ""]
[Remark "Booster"]

1.e4 c6 2.Nc3 d5 3.exd5 cxd5 4.d4 Nf6 5.g3 e6 6.Bg2 Nc6 7.Bg5
Be7 8.Nge2 O-O 9.O-O Bd7 10.a3 Na5 11.b3 Rc8 12.Bf4 Qb6 13.h3
Bb5 14.Re1 Bxe2 15.Nxe2 Bd6 16.Bxd6 Qxd6 17.c3 Rc7 18.Qc2 Rfc8
19.a4 b6 20.Qb2 Qd7 21.Rab1 1/2-1/2

[Event "Washington Open Championship"]
[Site "Seattle, WA"]
[Date "2013.05.27"]
[Round "6"]
[White "Taylor Thomas  (WA)"]
[Black "Ramasamy Vikram  (WA)"]
[Result "0-1"]
[WhiteElo "1621"]
[BlackElo "1540"]
[Annotator ""]
[Source ""]
[Remark "Reserve"]

1.c4 e5 2.Nc3 Nf6 3.g3 Bc5 4.Nf3 Nc6 5.Bg2 d6 6.O-O O-O 7.d3
h6 8.Na4 Bb6 9.Nxb6 axb6 10.Qc2 Nb4 11.Qb3 Nc6 12.Bd2 e4 13.dxe4
Nxe4 14.Qd3 Nxd2 15.Qxd2 Re8 16.e3 Ne5 17.Nxe5 Rxe5 18.Rfd1 b5
19.cxb5 Rxb5 20.b3 Be6 21.Qd3 Rb6 22.Bd5 Qf6 23.Bxe6 fxe6 24.Kg2
Kf7 25.Qd4 Qxd4 26.exd4 Rba6 27.Rd2 Ra3 28.Rc1 c6 29.Rcc2 Kf6
30.Re2 Kf5 31.f4 R8a5 32.Kf3 Rd5 33.Rcd2 g5 34.g4+ Kf6 35.fxg5+
hxg5 36.Kg3 Ra8 37.Rf2+ Kg7 38.Rfe2 Kf6 39.Kf3 Rh8 40.Re4 e5
41.Kg3 Rxd4 42.Rexd4 exd4 43.Rxd4 Ke5 44.Rd2 d5 45.Kf3 Rh3+ 46.Kg2
Re3 47.Kf2 Ke4 48.Rd1 d4 49.Rc1 Rc3 50.Re1+ Kf4 51.Rd1 Rc2+ 52.Kg1
Ke3 53.Re1+ Re2 54.Rd1 d3 55.Kf1 Rxh2 56.Kg1 Rxa2 57.Kf1 Re2
58.Kg1 d2 59.Kf1 Re1+ 60.Rxe1+ dxe1Q+ 0-1

[Event "Washington Open Championship"]
[Site "Seattle, WA"]
[Date "2013.05.27"]
[Round "6"]
[White "Kenney Jason  (CAN)"]
[Black "Nagase Masayuki  (WA)"]
[Result "1-0"]
[WhiteElo "2080"]
[BlackElo "1859"]
[Annotator ""]
[Source ""]
[Remark "Open"]

1.c4 f5 2.g3 Nf6 3.Bg2 e5 4.Nc3 d6 5.e3 c6 6.d4 e4 7.Nge2 d5
8.cxd5 ( 8.cxd5 cxd5 9.O-O Be7 10.Bd2 Nc6 11.a3 O-O 12.Qb3 Na5
13.Qa2 Nc4 14.Bc1 Be6 15.b3 Nd6 16.a4 g5 17.Ba3 a6 18.Bb4 a5
19.Ba3 Qd7 20.Nb5 Nxb5 21.Bxe7 Qxe7 22.axb5 Qe8 23.Rfc1 Qxb5
24.Rc5 Qb6 25.Nc3 f4 26.exf4 gxf4 27.gxf4 Qd6 28.Rxa5 Rxa5 29.Qxa5
Qxf4 30.Ne2 Qh4 31.Qc7 Nh5 32.Ng3 Nf4 33.Qxb7 Nxg2 34.Kxg2 Qf6
35.Rf1 Qf3+ 36.Kg1 e3 37.fxe3 Qxe3+ 38.Kh1 Rxf1+ 39.Nxf1 Qe4+
40.Kg1 Qxd4+ 41.Kg2 Qe4+ 42.Kf2 {1/2-1/2, Cvetkovic Srdjan (SCG) 2396 - Tringov Georgi P (BUL) 2379, Vrbas (Yugoslavia) 1993}
) cxd5 9.Nf4 Nc6 10.O-O Bb4 11.Qb3 Bxc3 12.Qxc3 O-O 13.Bd2 Qd6
14.Rac1 Be6 15.Qb3 Rab8 16.Nxe6 Qxe6 17.Qa4 Nd7 18.b3 Qd6 19.Qb5
a6 20.Qe2 Nf6 21.Rc5 g6 22.Rfc1 Kg7 23.b4 Nd7 24.b5 axb5 25.Rxb5
Ra8 26.Rxb7 Rxa2 27.Qb5 Rc8 28.Rc5 Ra7 29.Rxd5 Rxb7 30.Qxb7 Qxd5
31.Qxc8 Nf6 32.Qb7+ Kg8 33.Bf1 Ng4 34.Qa6 Nce5 35.Bb4 Nf3+ 36.Kg2
Qd8 37.Qb7 Qf6 38.Bc4+ Kh8 39.Be7 Ne1+ 40.Kf1 Nxh2+ 41.Kxe1 Nf3+
42.Kd1 1-0

[Event "Washington Open Championship"]
[Site "Seattle, WA"]
[Date "2013.05.27"]
[Round "6"]
[White "Haining Kyle  (WA)"]
[Black "Pupols Viktors  (WA)"]
[Result "0-1"]
[WhiteElo "1904"]
[BlackElo "2200"]
[Annotator ""]
[Source ""]
[Remark "Open"]

1.e4 c6 2.d4 d5 3.Nd2 dxe4 4.Nxe4 Nd7 5.Nf3 Ngf6 6.Bd3 Nxe4 7.Bxe4
Nf6 8.Bd3 Bf5 9.Bf4 e6 10.O-O Bxd3 11.Qxd3 Be7 12.Rad1 O-O 13.Rfe1
c5 ( 13...Qb6 14.Be5 h6 15.Nd2 Rfd8 16.Qg3 Ne8 {1/2-1/2, Van Essen Mark (NED) 2202 - Riha Alexander (AUT) 2101, Schwarzach (Austria) 2000}
) 14.Qb5 Qb6 15.a4 Nd5 16.Be5 Qxb5 17.axb5 c4 18.c3 a6 19.bxa6
Rxa6 20.Nd2 b5 21.Ne4 f6 22.Bg3 f5 23.Nc5 Bxc5 24.dxc5 f4 25.Bh4
Rc8 26.Ra1 Rxa1 27.Rxa1 Rxc5 28.f3 Ne3 29.Bf2 Rd5 30.Be1 Nc2
31.Rc1 Nxe1 32.Rxe1 Rd2 33.Rb1 Rc2 34.h4 Kf7 35.Kh2 Kf6 36.Kh3
Kf5 37.Kh2 g6 38.Kh3 h6 39.Kh2 g5 40.hxg5 hxg5 41.Kh3 e5 42.g4+
Ke6 43.Rd1 Rf2 44.Ra1 Rxf3+ 45.Kh2 Rf2+ 46.Kh3 Rxb2 47.Ra6+ Kd5
48.Rd6+ Ke4 49.Rd2 Rb3 50.Re2+ Kd5 51.Rd2+ Ke6 52.Rb2 Rxc3+ 0-1

[Event "Washington Open Championship"]
[Site "Seattle, WA"]
[Date "2013.05.27"]
[Round "6"]
[White "Harlin Jerid  (WA)"]
[Black "Losee Micah  (MO)"]
[Result "0-1"]
[WhiteElo "648"]
[BlackElo "1770"]
[Annotator ""]
[Source ""]
[Remark "Open"]

1.e4 c6 2.d4 d5 3.exd5 cxd5 4.Nf3 Nf6 5.Bd3 Bg4 6.h3 Bh5 7.b3
e6 8.Qd2 Nc6 9.a3 Bxf3 10.gxf3 Nxd4 11.Qf4 Nc6 12.Qh2 Bd6 13.Bf4
Bxf4 14.Qxf4 Qe7 15.b4 e5 16.Qd2 Nd4 17.Qd1 O-O 18.Nc3 Rac8 19.a4
Qxb4 20.O-O Qxc3 21.f4 e4 22.Re1 Nf3+ 23.Kf1 Nxe1 24.Qxe1 exd3
25.cxd3 Qxd3+ 26.Kg1 Qxh3 27.Qe3 Qxe3 28.fxe3 Rc2 29.Rf1 Re8
30.Rf2 Rxf2 31.Kxf2 Ng4+ 32.Kf3 Rxe3+ 33.Kxg4 d4 34.f5 d3 35.Kf4
d2 36.Kxe3 d1Q 37.Kf4 Qxa4+ 38.Kg5 Qe4 39.f6 g6 40.Kh6 Qh4# 0-1

[Event "Washington Open Championship"]
[Site "Seattle, WA"]
[Date "2013.05.27"]
[Round "6"]
[White "Sinanan Joshua  (WA)"]
[Black "He Daniel  (WA)"]
[Result "1-0"]
[WhiteElo "2236"]
[BlackElo "2131"]
[Annotator ""]
[Source ""]
[Remark "Open"]

1.d4 Nf6 2.c4 e6 3.g3 Bb4+ 4.Bd2 Qe7 5.Nf3 Nc6 6.Nc3 d6 7.d5
Bxc3 8.Bxc3 Nd8 9.dxe6 Nxe6 10.Bg2 O-O 11.O-O Nc5 12.b3 Re8 13.Qd4
Qe4 14.Rad1 Bf5 15.Nh4 Qxd4 16.Bxd4 Be4 17.Bxf6 gxf6 18.Bxe4
Nxe4 19.e3 a6 20.Rc1 a5 21.Rfd1 Ng5 22.Nf5 Re5 23.Nd4 Ne6 24.Nb5
Rd8 25.Rd2 Rc5 26.Nc3 Kg7 27.Rcd1 Rd7 28.f4 f5 29.Na4 Rc6 30.Rd5
Ra6 31.Rxf5 c6 32.e4 f6 33.e5 1-0

[Event "Washington Open Championship"]
[Site "Seattle, WA"]
[Date "2013.05.27"]
[Round "6"]
[White "Yee Nathaniel  (WA)"]
[Black "Damish Todd  (WA)"]
[Result "0-1"]
[WhiteElo "1673"]
[BlackElo "1666"]
[Annotator ""]
[Source ""]
[Remark "Reserve"]

1.e4 c5 2.Nf3 d6 3.d4 cxd4 4.Nxd4 Nf6 5.Nc3 a6 6.f3 Nc6 7.Be3
g6 8.Bc4 Bg7 9.Qd2 Nxd4 10.Bxd4 O-O 11.h4 Qa5 12.O-O-O Be6 13.Bxe6
fxe6 14.g4 Nd7 15.Bxg7 Kxg7 16.Qd4+ Qe5 17.Rhf1 Qxd4 18.Rxd4
Ne5 19.f4 Nxg4 20.Rd2 Rf7 21.Ne2 Rc8 22.Rd3 Rc4 23.Nd4 Rf6 24.b3
Rc8 25.Rg3 h5 26.Rff3 Kf7 27.Kd2 e5 28.fxe5 Nxe5 29.Rxf6+ exf6
30.Nf3 Nxf3+ 31.Rxf3 Rc5 32.Rd3 Ke6 33.c4 g5 34.Ke3 g4 35.b4
Re5 36.Kd4 f5 37.exf5+ Kxf5 38.Rd2 g3 39.Rg2 Kf4 40.c5 dxc5+
41.bxc5 Re1 42.Rb2 Rd1+ 43.Kc3 Rd7 44.Rb6 Kg4 0-1

[Event "Washington Open Championship"]
[Site "Seattle, WA"]
[Date "2013.05.27"]
[Round "5"]
[White "Huston Aaron  (WA)"]
[Black "Richards Jerrold  (WA)"]
[Result "0-1"]
[WhiteElo "900"]
[BlackElo "1348"]
[Annotator ""]
[Source ""]
[Remark "Reserve"]

1.d4 d5 2.Nf3 g6 3.e3 Bg7 4.Bd3 Nf6 5.Nbd2 Nc6 6.h3 Nb4 7.O-O
Nxd3 8.cxd3 Bf5 9.Qb3 b6 10.Re1 O-O 11.e4 dxe4 12.dxe4 Be6 13.Qd1
c6 14.b3 Nh5 15.Bb2 c5 16.Nf1 cxd4 17.Bxd4 Nf6 18.Rc1 Rc8 19.Rxc8
Qxc8 20.g4 Rd8 21.e5 Nd5 22.Qd2 Bxg4 23.hxg4 Qxg4+ 24.Ng3 Qxf3
25.Be3 Bxe5 26.Bh6 Bf4 27.Bxf4 Qxf4 28.Rxe7 0-1

[Event "Washington Open Championship"]
[Site "Seattle, WA"]
[Date "2013.05.27"]
[Round "5"]
[White "Herrera Robert (OR)"]
[Black "Perez Ignacio  (WA)"]
[Result "0-1"]
[WhiteElo "2068"]
[BlackElo "2254"]
[Annotator ""]
[Source ""]
[Remark "Open"]

1.c4 Nf6 2.Nc3 g6 3.g3 Bg7 4.Bg2 O-O 5.d4 d6 6.Nf3 Nbd7 7.O-O
e5 8.b3 Re8 9.e4 exd4 10.Nxd4 Nc5 11.f3 c6 12.Be3 a5 13.Rc1 Nfd7
14.Rc2 f5 15.Bf4 fxe4 16.fxe4 Ne5 17.Bxe5 Bxe5 18.Rd2 Qb6 19.Kh1
Bd7 20.Nce2 a4 21.Nf3 Nxe4 22.Nxe5 Rxe5 23.Bxe4 Rxe4 24.Nc3 Bg4
25.Qb1 Re3 26.c5 Qb4 27.Rd3 Qxc5 28.Nxa4 Qe5 29.Rxe3 Qxe3 0-1

[Event "Washington Open Championship"]
[Site "Seattle, WA"]
[Date "2013.05.27"]
[Round "6"]
[White "Feng Roland  (WA)"]
[Black "Perez Ignacio  (WA)"]
[Result "1-0"]
[WhiteElo "2209"]
[BlackElo "2254"]
[Annotator ""]
[Source ""]
[Remark "Open"]

1.d4 Nf6 2.c4 g6 3.Nc3 Bg7 4.Nf3 O-O 5.Bg5 h6 6.Bh4 c5 7.d5 d6
8.h3 Nbd7 9.e4 b5 10.cxb5 a6 11.bxa6 Qa5 12.Bd3 Bxa6 13.O-O Rfb8
14.Bxa6 Rxa6 15.Qc2 Rab6 16.Rab1 g5 17.Bg3 Nh5 18.Nd2 Qa6 19.Bh2
Nf4 20.Bxf4 gxf4 21.b3 Ne5 22.a4 Kh8 23.Nb5 f3 24.g3 Qc8 25.Kh2
Qd7 26.Qd1 f5 27.Nxf3 fxe4 28.Nxe5 Bxe5 29.Qh5 Bg7 30.Rbe1 Rf8
31.Rxe4 Qf5 32.Qe2 Qxd5 33.Nc7 Qxb3 34.Ne6 Rf7 35.Nxg7 Rxg7 36.a5
Rb7 37.Qh5 Rh7 38.Qf5 Qg8 39.Rg4 Qe8 40.Qf3 Ra7 41.Rd1 Qf7 42.Qc3+
Rg7 43.Rf4 Qg8 44.Rd3 Qe6 45.Re3 Qg6 46.Ref3 Qg5 47.Rf5 Qg6 48.R3f4
e5 49.Rf8+ Kh7 50.R4f6 Qe4 51.Qd2 Rg6 52.Qxd6 Rag7 53.Rxg6 Qxg6
54.Qxc5 e4 55.Rf4 Qe6 56.Qf5+ Qxf5 57.Rxf5 e3 58.fxe3 Re7 59.a6
Rxe3 60.Ra5 Re8 61.a7 Ra8 62.Ra6 Kg7 63.g4 Kf8 64.Kg3 h5 65.g5
Ke7 66.Kh4 1-0

[Event "Washington Open Championship"]
[Site "Seattle, WA"]
[Date "2013.05.26"]
[Round "3"]
[White "Leslie Cameron  (ID)"]
[Black "Sinanan Joshua  (WA)"]
[Result "0-1"]
[WhiteElo "1950"]
[BlackElo "2236"]
[Annotator ""]
[Source ""]
[Remark "Open"]

1.d4 Nf6 2.c4 e6 3.Nc3 Bb4 4.e3 O-O 5.Nge2 d5 6.a3 Bd6 7.Nf4
c6 8.cxd5 exd5 9.Bd3 Re8 10.O-O Nbd7 11.Qc2 Nf8 12.b4 a6 13.Rd1
Ng6 14.Nxg6 hxg6 15.h3 Bc7 16.e4 dxe4 17.Nxe4 Nxe4 18.Bxe4 Qd6
19.g3 Bxh3 20.d5 Qe5 21.Bf4 Qxe4 22.Qxe4 Rxe4 23.Bxc7 cxd5 24.Rxd5
Rae8 25.Rd8 Rxd8 26.Bxd8 Bd7 27.Bb6 Bc6 28.Be3 f6 29.Bc5 Re5
30.Kf1 Bf3 31.Be3 {?} ( 31.Rc1 ) Rh5 0-1

[Event "Washington Open Championship"]
[Site "Seattle, WA"]
[Date "2013.05.27"]
[Round "6"]
[White "Hosford Michael  (WA)"]
[Black "Saarenas Mark  (WA)"]
[Result "0-1"]
[WhiteElo "1869"]
[BlackElo "1874"]
[Annotator ""]
[Source ""]
[Remark "Premier"]

1.e4 e6 2.d3 d5 3.Qe2 d4 4.f4 Be7 5.Nf3 c5 6.Nbd2 Nc6 7.a4 Nf6
8.Nc4 O-O 9.g3 b6 10.Bg2 Bb7 11.O-O a6 12.Bd2 Nb4 13.Bxb4 cxb4
14.Nce5 Rc8 15.Bh3 Rc7 16.Ng5 Bc8 17.Ngf3 a5 18.b3 Bc5 19.Kh1
h6 20.g4 Nd7 21.Rg1 Nxe5 22.Nxe5 Bd6 23.Nc4 Bxf4 24.Nxb6 Qh4
25.Raf1 Be3 26.Rg3 Ba6 27.Nc4 Bxc4 28.bxc4 e5 29.Rgf3 Bf4 30.Kg2
Rc6 31.Qf2 Qg5 32.Rxf4 exf4 33.Qxf4 Qxf4 34.Rxf4 b3 35.cxb3 Rb8
36.e5 Rxb3 37.Rxd4 g5 38.Kg3 Rc5 39.Bg2 Rxe5 40.Be4 Ra3 41.h4
Rxa4 42.hxg5 hxg5 43.Kf3 Ra1 44.Rd8+ Kg7 45.Ke3 Re7 46.Kd4 Ra7
47.c5 Rc1 48.Ra8 Rxa8 49.Bxa8 a4 50.Bd5 Kf8 51.Bc4 Rc2 0-1

[Event "Washington Open Championship"]
[Site "Seattle, WA"]
[Date "2013.05.25"]
[Round "1"]
[White "Nagase Masayuki  (WA)"]
[Black "Bragg David  (WA)"]
[Result "1-0"]
[WhiteElo "1859"]
[BlackElo "2212"]
[Annotator ""]
[Source ""]
[Remark "Open"]

1.d4 Nf6 2.c4 g6 3.Nc3 Bg7 4.e4 d6 5.f3 O-O 6.Be3 a6 7.Qd2 c6
8.Nge2 b5 9.g4 Nbd7 10.Ng3 bxc4 11.h4 e5 12.d5 ( 12.h5 exd4 13.Bxd4
Ne5 14.Bxe5 dxe5 15.hxg6 Qxd2+ 16.Kxd2 hxg6 17.Bxc4 Nh7 18.Ke2
Ng5 19.Rad1 Be6 20.Bxe6 Nxe6 21.Kf2 Rfd8 22.Rxd8+ Rxd8 23.Rd1
Rxd1 24.Nxd1 Bf8 25.Ne2 Bc5+ 26.Kf1 f6 27.Nf2 Be3 28.Nd3 a5 29.b3
Kf7 30.Nb2 Bb6 31.Nc4 Bc7 32.Kf2 Kg7 33.Ke3 Kh6 34.Nc1 Kg5 35.Nd3
Kh4 36.b4 axb4 37.Nxb4 {1/2-1/2, Nicolai Werner 2200 - Hindle Owen M (ENG) 2355, Hastings (England) 1963}
) cxd5 13.exd5 Nb6 14.h5 Bb7 15.hxg6 fxg6 16.g5 Nfd7 17.Bh3 Rxf3
18.Be6+ Kf8 19.Qe2 Rf4 20.Bxf4 exf4 21.Qg4 Nxd5 22.Nxd5 Bxd5
23.Qxf4+ Bf6 24.Qxd6+ 1-0

[Event "Washington Open Championship"]
[Site "Seattle, WA"]
[Date "2013.05.25"]
[Round "1"]
[White "He Anthony  (WA)"]
[Black "Lee Nathan  (WA)"]
[Result "0-1"]
[WhiteElo "1728"]
[BlackElo "2161"]
[Annotator ""]
[Source ""]
[Remark "Open"]

1.e4 c5 2.Nf3 Nc6 3.d4 cxd4 4.Nxd4 Nf6 5.Nc3 d6 6.Be3 e6 7.f4
Be7 8.Qf3 O-O 9.O-O-O Nxd4 10.Bxd4 e5 11.fxe5 Bg4 12.Qg3 $17
( 12.exf6 Bxf3 13.fxe7 Qxe7 14.gxf3 {+-} ) dxe5 13.Bxe5 Bxd1
14.Nxd1 Qa5 15.a3 Rac8 16.Bc3 Qa4 17.Bd3 Rfd8 18.Rf1 Qe8 19.e5
Nh5 20.Qh3 g6 21.g4 Ng7 22.Ne3 Bxa3 23.Bc4 Rxc4 24.Nxc4 Bf8 25.Qg2
b5 26.Ne3 Qe6 27.Rf6 ( 27.Rd1 ) Qa2 28.b3 Ba3+ 29.Bb2 Qxb2# 0-1

[Event "Washington Open Championship"]
[Site "Seattle, WA"]
[Date "2013.05.25"]
[Round "1"]
[White "Smith Andrew  (WA)"]
[Black "Filimonov Kirill  (WA)"]
[Result "1-0"]
[WhiteElo "946"]
[BlackElo "1307"]
[Annotator ""]
[Source ""]
[Remark "Booster"]

1.e4 e5 2.Nf3 Nc6 3.d4 exd4 4.Bc4 h6 5.Nxd4 Bc5 6.c3 Qf6 7.Nf3
Ne5 8.Nbd2 d6 9.h3 Ne7 10.O-O c6 11.Nxe5 Qxe5 12.Nf3 Qxe4 13.b3
Bf5 14.Re1 Qc2 15.Be3 Bxe3 16.Rxe3 d5 17.Qe1 Be6 18.Nd4 Qg6 19.Bd3
Qf6 20.Nxe6 fxe6 21.Rxe6 Qf8 22.Qe5 Kd8 23.Qd6+ Kc8 24.Rxe7 Qd8
25.Bf5+ Qd7 26.Qxd7+ Kb8 27.Qc7# 1-0

[Event "Washington Open Championship"]
[Site "Seattle, WA"]
[Date "2013.05.25"]
[Round "1"]
[White "Strong Edward  (WA)"]
[Black "Yu Justin  (WA)"]
[Result "0-1"]
[WhiteElo "1425"]
[BlackElo "1684"]
[Annotator ""]
[Source ""]
[Remark "Reserve"]

1.e4 e5 2.Nc3 Nf6 3.Bc4 Nc6 4.f4 d6 5.Nf3 Be7 6.d3 a6 7.f5 Na5
8.Nd2 ( 8.O-O Nxc4 9.dxc4 b6 10.Qd3 Bb7 11.Nd5 h6 12.Bd2 Nxd5
13.cxd5 Qd7 14.c4 c5 15.dxc6 Qxc6 16.Rfe1 a5 17.a4 O-O 18.b3
Bf6 19.Rad1 Rad8 20.g4 Rfe8 21.g5 hxg5 22.Bxg5 Kf8 23.Bxf6 gxf6
24.Nd2 Ke7 25.Nb1 Rg8+ 26.Kh1 Qd7 27.Rf1 Rg5 28.Nc3 Rxf5 29.Nd5+
Bxd5 30.cxd5 Rxf1+ 31.Rxf1 Rg8 32.Qf3 Rg6 33.h3 Qc8 34.Qd3 Qh8
35.Kh2 Qh4 36.Qf3 Qg5 37.Qf2 Qh6 38.Qxb6 Qd2+ 39.Qf2 Qd3 40.Qf3
Qc2+ 41.Rf2 Qc1 42.Rf1 Qg5 {1/2-1/2, Srebrnic Ana (SLO) 2291 - Vospernik Mira (SLO) 2072, Ljubljana (Slovenia) 1997}
) Nxc4 9.Nxc4 b5 10.Na5 Qd7 11.b4 d5 12.a3 c5 13.bxc5 Bxc5 14.Nb3
Bb6 15.Qf3 Bb7 16.g4 Rc8 17.Bd2 Bd4 18.g5 Bxc3 19.Bxc3 dxe4 20.Qg3
Qxf5 21.Rf1 Qe6 22.gxf6 Rxc3 23.fxg7 Rg8 24.Kd2 exd3 25.Nd4 exd4
26.Rae1 Rxc2+ 27.Kd1 Re2 28.Qxd3 Be4 29.Qg3 d3 30.Qb8+ Kd7 31.Qa7+
Kc8 32.Qc5+ Kb7 33.Qc3 Qa2 0-1

[Event "Washington Open Championship"]
[Site "Seattle, WA"]
[Date "2013.05.25"]
[Round "1"]
[White "Wang James  (WA)"]
[Black "Eva David  (WA)"]
[Result "0-1"]
[WhiteElo "1731"]
[BlackElo "1857"]
[Annotator ""]
[Source ""]
[Remark "Premier"]

1.e4 e6 2.d4 d5 3.Nc3 Nc6 4.e5 f6 5.f4 fxe5 6.dxe5 Bb4 7.Bd2
Nge7 8.Bd3 Nd4 9.a3 Ba5 10.Nf3 Nxf3+ 11.Qxf3 c5 12.O-O Bd7 13.Rad1
O-O 14.Qh5 g6 15.Qh6 c4 16.Be2 Nf5 17.Qh3 Bc6 18.Be1 Qb6+ 19.Bf2
Qxb2 20.Nb1 Qxc2 21.Bg4 Bb6 22.Bxb6 axb6 23.Bxf5 Qxf5 24.Qe3
b5 25.h3 Qe4 0-1

[Event "Washington Open Championship"]
[Site "Seattle, WA"]
[Date "2013.05.25"]
[Round "1"]
[White "Robeal Rafik  (WA)"]
[Black "Leslie Cameron  (ID)"]
[Result "0-1"]
[WhiteElo "1572"]
[BlackElo "1950"]
[Annotator ""]
[Source ""]
[Remark "Open"]

1.e4 c6 2.d4 d5 3.e5 Bf5 4.Bd3 Bxd3 5.Qxd3 e6 6.Ne2 Qb6 7.Nd2
Qa6 8.Qg3 Ne7 ( 8...Ne7 9.f4 Nd7 10.Qf2 h5 11.O-O h4 12.g4 hxg3
13.Nxg3 g6 14.Nf3 Nf5 15.Nxf5 gxf5 16.Ng5 Be7 17.Be3 Nf8 18.Kh1
Nh7 19.Rg1 Bxg5 20.fxg5 Nf8 21.g6 fxg6 22.Bg5 Qc4 23.Rg3 c5 24.c3
Rc8 25.b3 Qb5 26.Rag1 Qc6 27.Bf6 Rh7 28.Qg2 cxd4 29.Rxg6 dxc3
30.Rg3 d4 31.Rf3 Qd5 32.Rd3 Rd7 33.Qxd5 Rxd5 34.h4 c2 35.Bg5
Ng6 36.Bc1 Nxe5 37.Rg8+ Kd7 38.Rg7+ Kc6 39.Rd2 d3 40.Kg2 Ng4
41.Re7 Rd6 42.Ba3 Kb6 43.Bc1 Nf6 44.Kf3 Ne4 45.Ke3 Nxd2 46.Kxd2
Rg8 47.h5 Rg2+ 48.Kc3 d2 {0-1, Hiltunen Jari - Sisatto Olli (FIN) 2250, Finland 1998}
) 9.f4 Nd7 10.Qf2 Nf5 11.g4 Ne7 12.f5 O-O-O 13.Nb3 h5 14.fxe6
fxe6 15.Nf4 c5 16.Nxh5 cxd4 17.Bf4 Nc6 18.a3 Ndxe5 19.Bxe5 Nxe5
20.Qxd4 Nf3+ 21.Kd1 Nxd4 22.Nxd4 Qc4 23.Ne2 Qxg4 24.Nhg3 Bd6 0-1

[Event "Washington Open Championship"]
[Site "Seattle, WA"]
[Date "2013.05.25"]
[Round "2"]
[White "Tiglon Bryce  (WA)"]
[Black "Sang Tian  (WA)"]
[Result "0-1"]
[WhiteElo "2113"]
[BlackElo "2314"]
[Annotator ""]
[Source ""]
[Remark "Open"]

1.e4 e5 2.Nf3 Nc6 3.Bb5 f5 4.d3 fxe4 5.dxe4 Nf6 6.O-O d6 7.Bc4
Bg4 8.Be3 Qd7 9.Nc3 a6 10.a4 Be7 11.Be2 h6 12.Rb1 O-O 13.Nh4
Be6 14.Ng6 Rfe8 15.Qd2 Bf7 16.Nxe7+ Qxe7 17.b4 Nd8 18.Rfd1 Ne6
19.Nd5 Nxd5 20.exd5 Nf4 21.Bf3 e4 22.Bxf4 exf3 23.Rb3 Bh5 24.gxf3
Qf6 25.Qd4 Re1+ 26.Kg2 Rxd1 0-1

[Event "Washington Open Championship"]
[Site "Seattle, WA"]
[Date "2013.05.26"]
[Round "2"]
[White "Campbell Marty  (WA)"]
[Black "Hitchcock Brandon  (WA)"]
[Result "1-0"]
[WhiteElo "1385"]
[BlackElo "871"]
[Annotator ""]
[Source ""]
[Remark "Booster"]

1.e4 e6 2.d4 d5 3.e5 c5 4.Bb5+ Bd7 5.Bxd7+ Qxd7 6.dxc5 Bxc5
( 6...Bxc5 7.c3 Nc6 8.Bf4 f6 9.exf6 Nxf6 10.b4 Bd6 11.Bxd6 Qxd6
12.Nf3 O-O 13.O-O Rad8 14.Na3 a6 15.Nc2 Ng4 16.g3 e5 17.Re1 e4
18.Nh4 Nxf2 19.Qe2 Rde8 20.Rf1 Nh3+ 21.Kg2 Rxf1 22.Rxf1 Ng5 23.Qh5
Qe7 24.Nf5 Qd8 25.Nd6 Rf8 26.Rxf8+ Qxf8 27.Nxb7 Qf3+ 28.Qxf3
Nxf3 29.Kf2 Nxh2 30.Nc5 Nb8 31.a4 Kf7 32.Ne3 Ke7 {1/2-1/2, Rodrigues Vi - Malaca P, Portugal 1994}
) 7.Nf3 Nc6 8.Be3 Be7 9.O-O f6 10.Bd4 fxe5 11.Nxe5 Nxe5 12.Bxe5
Nf6 13.g4 O-O 14.Nc3 h6 15.h3 Rad8 16.h4 a6 17.g5 hxg5 18.hxg5
Ne4 19.Nxe4 dxe4 20.g6 Qd5 21.Qh5 Rf5 22.Qh7+ Kf8 23.Qh8# 1-0